<?xml version="1.0" encoding="UTF-8"?>
<marc:record xmlns:marc="http://www.loc.gov/MARC21/slim">
   <marc:leader>00000nam a2200000 a 4500</marc:leader>
   <marc:datafield ind1="1" ind2=" " tag="100">
      <marc:subfield code="a">Heine, Helme</marc:subfield>
   </marc:datafield>
   <marc:datafield ind1="1" ind2=" " tag="100">
      <marc:subfield code="a">Møller, Jesper</marc:subfield>
   </marc:datafield>
   <marc:datafield ind1="1" ind2=" " tag="100">
      <marc:subfield code="a">Loeser, Tony</marc:subfield>
   </marc:datafield>
   <marc:datafield ind1="0" ind2="0" tag="245">
      <marc:subfield code="a">Mullewapp [Bildtonträger]</marc:subfield>
   </marc:datafield>
   <marc:datafield ind1="0" ind2="0" tag="245">
      <marc:subfield code="b">das große Kinoabenteuer der Freunde</marc:subfield>
   </marc:datafield>
   <marc:datafield ind1="0" ind2="0" tag="245">
      <marc:subfield code="c">Regie: Tony Loeser, Jesper Møller. Nach dem Kinderbuchklassiker von Helme Heine</marc:subfield>
   </marc:datafield>
   <marc:datafield ind1=" " ind2="1" tag="264">
      <marc:subfield code="b">STUDIOCANAL</marc:subfield>
      <marc:subfield code="c">2014</marc:subfield>
   </marc:datafield>
   <marc:datafield ind1="1" ind2=" " tag="520">
      <marc:subfield code="a">Die Tiere vom Bauernhof Mullewapp führen ein ganz normales Landleben - bis sie unerwartet Besuch bekommen: Johnny Mauser, nach eigener Aussage ein berühmter Schauspieler, wirbelt den Alltag kräftig durcheinander. In den ungewohnten Trubel platzt auf einmal die Nachricht: Das kleine Lämmchen Wolke wurde entführt! Gut, dass ein waschechter Held zu Besuch ist. Zusammen mit Waldemar und Franz wird Johnny prompt zu Wolkes Rettung abkommandiert. Jetzt müssen die drei zusammenhalten: Mit Waldemars Fahrrad machen sie sich auf und ein grosses Abenteuer beginnt.</marc:subfield>
   </marc:datafield>
   <marc:datafield ind1=" " ind2=" " tag="020">
      <marc:subfield code="a">4006680047690</marc:subfield>
      <marc:subfield code="9">4006680047690</marc:subfield>
   </marc:datafield>
   <marc:datafield ind1=" " ind2=" " tag="500">
      <marc:subfield code="a">Orig. : 2009. Sprache: Deutsch (Dolby Digital 2.0 Stereo), Deutsch (Dolby Digital 5.1), Englisch (Dolby Digital 5.1). Untertitel: Deutsch</marc:subfield>
   </marc:datafield>
   <marc:datafield ind1="0" ind2=" " tag="490">
      <marc:subfield code="v">0</marc:subfield>
   </marc:datafield>
   <marc:datafield ind1=" " ind2=" " tag="300">
      <marc:subfield code="a">1 DVD (73 Min.) : farbig</marc:subfield>
   </marc:datafield>
</marc:record>
